Χοροί και τραγούδια στo Δήμο Καλλιθέας

Saved in:
Bibliographic Details
Main Author: Παναγιώτου, Άννα Κ.
Other Authors: Γιαντσίδης, Γεώργιος Χ.
Format: Book
Language:Greek
Published: Ρόδος : Δήμος Καλλιθέας, 2002.
Subjects:
Tags: Add Tag
No Tags, Be the first to tag this record!

MARC

LEADER 00000cam a2200000 i 4500
001 1/32433
008 030207s2002####gr | ||| |||| ||gre||
020 |a 9609201601 
035 |l 10069335 
040 |a GR-MyUa  |b gre  |e AACR2  
041 0 |a gre 
082 7 |a 394.3495   |2 (22) 
100 1 |a Παναγιώτου, Άννα Κ. 
245 1 0 |a Χοροί και τραγούδια στo Δήμο Καλλιθέας /   |c Άννα Κ. Παναγιώτου, Γιώργος Χ. Γιαντσίδης.  
260 |a Ρόδος :   |b Δήμος Καλλιθέας,   |c 2002.  
300 |a 90 σ. :   |b εικ. ;   |c 25 εκ. 
650 0 |a Dance  |x Folklore  |z Greece  |z Rhodes (Island) 
650 0 |a Folk songs  |z Greece  |z Rhodes (Island) 
651 0 |a Rhodes (Greece : Island)  |x Social life and customs. 
700 1 |a Γιαντσίδης, Γεώργιος Χ. 
852 |a INST  |b RHODES  |e 20030207  |h 390.949587 ΠΑΝ  |p 005400015798  |q 005400015798  |t BK  |y 0 
901 |a BIBL4-2003-1 
920 |a Παναγιώτου  |b Άννα  |y Ρόδος  |z 2003-02 
970 |a Κουλακιότη  |b Λίτσα  |z 07/02/2003